Information technology project management : Providing measurable organizational value

The 5th Edition of Jack Marchewka's Information Technology Project Management focuses on how to create measurable organizational value (MOV) through IT projects. The author uses the concept of MOV, combined with his own research, to create a solid foundation for making decisions throughout the...

Disgrifiad llawn

Wedi'i Gadw mewn:
Manylion Llyfryddiaeth
Prif Awdur: Marchewka, Jack T.
Fformat: Llyfr
Iaith:Undetermined
Cyhoeddwyd: Hoboken, NJ John Wiley & Sons, Inc. 2015
Pynciau:
Tagiau: Ychwanegu Tag
Dim Tagiau, Byddwch y cyntaf i dagio'r cofnod hwn!
Thư viện lưu trữ: Trung tâm Học liệu Trường Đại học Cần Thơ
LEADER 01084nam a2200229Ia 4500
001 CTU_207798
008 210402s9999 xx 000 0 und d
020 |c 2631000 
082 |a 004.0684 
082 |b M316 
100 |a Marchewka, Jack T. 
245 0 |a Information technology project management : 
245 0 |b Providing measurable organizational value 
245 0 |c Jack T. Marchewka 
260 |a Hoboken, NJ 
260 |b John Wiley & Sons, Inc. 
260 |c 2015 
520 |a The 5th Edition of Jack Marchewka's Information Technology Project Management focuses on how to create measurable organizational value (MOV) through IT projects. The author uses the concept of MOV, combined with his own research, to create a solid foundation for making decisions throughout the project's lifecycle. 
650 |a Công nghệ thông tin,Project management,Information technology,Quản lý dự án 
650 |x Quản lý,Computer programs,Management,Chương trình máy tính 
904 |i Hải 
980 |a Trung tâm Học liệu Trường Đại học Cần Thơ